000 00840nam a2200277Ia 4500
003 OSt
005 20221006144655.0
006 a|||||r|||| 00| 0
007 ta
008 221006b |||||||| |||| 00| 0 eng d
020 _c
_12.55
024 _a12,335
037 _cTextual
040 _aEASL
_cEASL
_beng
041 _2eng
_aeng
082 _aV41.N12, L9
100 _aSPENCE Jonathan D Ed.
_9109515
245 0 _aFrom ming to Ching
_b Conquest region and continuity in seventeeth century China
260 _aLondon
_bYale University
_c1979
300 _a414p.
_ccm.
650 _a Spence jonathan D
_9652573
650 _aChina-history-ming dynasty
_9652574
700 _a WILLS Jhon E Ed.
_9652575
942 _hV41.N12, L9
_cTEXL
_2CC
999 _c1080421
_d1080421